Basic concepts of analytical chemistry (Record no. 1214397)

MARC details
000 -LEADER
fixed length control field 00954nam a2200313Ia 4500
003 - CONTROL NUMBER IDENTIFIER
control field OSt
005 - DATE AND TIME OF LATEST TRANSACTION
control field 20221007124931.0
008 - FIXED-LENGTH DATA ELEMENTS--GENERAL INFORMATION
fixed length control field 221006b |||||||| |||| 00| 0 eng d
020 ## - INTERNATIONAL STANDARD BOOK NUMBER
International Standard Book Number 9788122420920 (pbk)
037 ## - SOURCE OF ACQUISITION
Terms of availability Textual
040 ## - CATALOGING SOURCE
Original cataloging agency CDL
Transcribing agency CDL
Language of cataloging eng
041 ## - LANGUAGE CODE
Source of code eng
Language code of text/sound track or separate title eng
100 ## - MAIN ENTRY--PERSONAL NAME
Personal name Khopkar SM
9 (RLIN) 721038
245 #0 - TITLE STATEMENT
Title Basic concepts of analytical chemistry
250 ## - EDITION STATEMENT
Edition statement 3
260 ## - PUBLICATION, DISTRIBUTION, ETC.
Place of publication, distribution, etc. New
Name of publisher, distributor, etc. delhi New Age India
Date of publication, distribution, etc. 2017
300 ## - PHYSICAL DESCRIPTION
Extent xxvii, 604p. ill.
Dimensions cm.
500 ## - GENERAL NOTE
General note Appendix 580-586p.; Index 587-604p.
650 ## - SUBJECT ADDED ENTRY--TOPICAL TERM
Topical term or geographic name entry element Chromatography
9 (RLIN) 459460
650 ## - SUBJECT ADDED ENTRY--TOPICAL TERM
Topical term or geographic name entry element Electron
9 (RLIN) 721039
650 ## - SUBJECT ADDED ENTRY--TOPICAL TERM
Topical term or geographic name entry element Spectroscopy
9 (RLIN) 479665
650 ## - SUBJECT ADDED ENTRY--TOPICAL TERM
Topical term or geographic name entry element Chemistry
942 ## - ADDED ENTRY ELEMENTS (KOHA)
Classification part E:3, P8;22-;23 Carc
Koha item type Textual
Source of classification or shelving scheme Colon Classification (CC)
Holdings
Withdrawn status Lost status Source of classification or shelving scheme Damaged status Not for loan Home library Current library Date acquired Source of acquisition Cost, normal purchase price Total Checkouts Full call number Barcode Date last seen Cost, replacement price Price effective from Koha item type
    Colon Classification (CC)     Department of Chemistry Library Department of Chemistry Library 2022-10-07 990, 18/02/2019, Total Books India 900.00   E:3 P8;22-;23 Carc CD0009356 2022-10-07 900.00 2022-10-07 Textual
Copyright @ Delhi University Library System